| 000 | 00362nam a2200145Ia 4500 | ||
|---|---|---|---|
| 008 | 241014s9999||||xx |||||||||||||| ||und|| | ||
| 020 | _a978969637926-3 | ||
| 060 | _aQT 4 .H35 | ||
| 100 | _aHall,John E | ||
| 245 | 0 | _aGuyton and Hall Textbook of Medical Physiology | |
| 250 | _a14th | ||
| 260 |
_bElsevier _c2021 |
||
| 650 | _aPhysiology | ||
| 942 |
_bDIDC _cBK |
||
| 999 |
_c6136 _d6136 |
||